00505nam a22001817a 450000500170000001000170001702000260003403500170006003700140007708200140009110000150010524500420012026000360016227000570019830000210025594200280027699900190030420180424124948.0 aB-691541-542 c995.00a9788170331964 aB-691541-542 bR.K.Books a303.40954 aAhuja, Ram aIIndian social system /cby Ram Ahuja aJaipurbRawat Publicationc2017 aSataym Apts.,Sector 3, jahawar NagarbJaipure302004 a458p.b21cm(Hb). 2ddccENh303.40954mAHU c151728d151728